La interpretación originalista de la Constitución: una aproximación desde la filosofía del derecho
Saved in:
| Hovedforfatter: | |
|---|---|
| Format: | Bog |
| Sprog: | spansk |
| Udgivet: |
Madrid
Centro de Estudios Políticos y Constitucionales
1998
|
| Serier: | Colección El derecho y la justicia
|
| Fag: | |
| Tags: |
Tilføj Tag
Ingen Tags, Vær først til at tagge denne postø!
|
MARC
| LEADER | 00000nam a2200000 a 4500 | ||
|---|---|---|---|
| 001 | UCP0725 | ||
| 003 | CL-VaPUC | ||
| 008 | 990319e19980000SP |||||||||||||||||spa|d | ||
| 082 | 0 | 4 | |a 342.46 |b LOR |2 21 |
| 100 | |a Lora Deltoro, Pablo de |e autor |9 426211 | ||
| 245 | 1 | 3 | |a La interpretación originalista de la Constitución: una aproximación desde la filosofía del derecho |
| 300 | |a 343 p | ||
| 942 | |c BK | ||
| 945 | |d 19990319 00:00:00 |a aarredon | ||
| 260 | |a Madrid |b Centro de Estudios Políticos y Constitucionales |c 1998 | ||
| 650 | 7 | |a INTERPRETACION CONSTITUCIONAL |2 CL-VaPUC |9 424493 | |
| 650 | 0 | |a Constituciones |9 255417 | |
| 650 | 0 | |a Jurisdicción |9 255090 | |
| 650 | 0 | |a Tribunal constitucional |9 255000 | |
| 650 | 0 | |a Ordenamiento jurídico |9 355371 | |
| 650 | 0 | |a Estado |9 255503 | |
| 650 | 0 | |a Fuentes del derecho |9 255162 | |
| 650 | 0 | |a Proceso judicial |9 258564 | |
| 650 | 0 | |a Poder judicial |9 254871 | |
| 650 | 0 | |a Naturaleza jurídica |9 371885 | |
| 650 | 0 | |a Filosofía del derecho |9 255050 | |
| 651 | 0 | |a España |9 254926 | |
| 583 | |a last modification |c 19990319 00:00:00 |k Rodrigo Vera | ||
| 490 | 0 | |a Colección El derecho y la justicia | |
| 999 | |c 279477 |d 279475 | ||
| 952 | |0 0 |1 0 |4 0 |6 342_460000000000000_LOR_1998 |7 0 |8 A |9 319016 |a BIBDER |b BIBDER |d 2019-11-20 |i 350557K |o 342.46 LOR 1998 |p 350557K |r 2023-01-25 |w 2019-11-20 |y BK |k DER | ||
| 952 | |0 0 |1 0 |4 0 |6 342_460000000000000_LOR_1998 |7 0 |8 DER_TF |9 319017 |a BIBDER |b BIBDER |d 2019-11-20 |i 3536106 |o 342.46 LOR 1998 |p 3536106 |r 2023-01-25 |w 2019-11-20 |x Ubicación 4to Piso |y BK |z Estos recursos deben solicitarse con anticipación |k DER | ||